000 00591nam a22001817a 4500
003 OSt
005 20250819043821.0
008 250819b |||||||| |||| 00| 0 eng d
020 _a0-7641-3577-5.
040 _aDWC-Main Lib.
_cOC
100 _aHERBST, SHARON TYLER
245 _aThe new food lover's companion/
_cHERBST, SHARON TYLER
260 _aNew York :
_bBarron's Educational Series,
_cc2007.
300 _ax, 829 pages ;
_c18cm.
504 _aIncludes bibliographical references.
650 _a1. Food--Dictionaries. 2. Cooking--Dictionary.
942 _2ddc
_cBK-CIRC
_hCirc.
_n0
999 _c4057
_d4057